00384nam a2200145Ia 450000500170000000800410001703700130005804000200007104100130009108400180010410000170012224500570013926000330019630000090022920250326125249.0250326s9999 xx 000 0 und d aTextbook aFMSLbengcFMSL aeng2eng aX724 L8qFMSL aLakhotia R N 0aHow to save income-tax by tax planningcLakhotia R N aCaluttabCalutta, Ashac1978 a319p